[Event "Prva liga Centralne Srbije"]
[Site "Novi Pazar"]
[Date "2006.09.23"]
[Round "3.1"]
[White "Andonov, Bogomil"]
[Black "Pavlovic, Goran"]
[Result "1-0"]
[WhiteElo "2391"]
[BlackElo "2363"]
[PlyCount "101"]
[EventDate "2006.09.23"]

1. Nf3 Nf6 2. c4 d6 3. d4 Bg4 4. Qb3 Qc8 5. g3 Nbd7 6. Bg2 c6 7. h3 Bxf3 8.
Bxf3 e5 9. e3 Be7 10. Nc3 O-O 11. Qd1 Re8 12. Bg2 Bf8 13. O-O Qc7 14. e4 exd4
15. Qxd4 a5 16. Bf4 Ne5 17. b3 Nfd7 18. Rad1 Nc5 19. Be3 Ned7 20. Rfe1 Re6 21.
f4 g6 22. Qd2 Qb6 23. Na4 Qc7 24. Nxc5 Nxc5 25. Bd4 Ree8 26. Bc3 Be7 27. Qd4 f6
28. Kh2 Ne6 29. Qd2 Ng7 30. h4 Rf8 31. Bh3 f5 32. exf5 gxf5 33. Re3 Rf7 34.
Rde1 Bf8 35. Bg2 Nh5 36. Bf3 Nf6 37. Re6 Bg7 38. Kh3 a4 39. b4 Rd8 40. Qd3 Qd7
41. Qxf5 Nd5 42. Bxd5 cxd5 43. Qg4 dxc4 44. f5 Kh8 45. f6 Bf8 46. Qxc4 d5 47.
Qg4 d4 48. Rd1 dxc3 49. Rxd7 Rdxd7 50. Re7 c2 51. Rxf7 1-0

[Event "Prva liga Centralne Srbije"]
[Site "Novi Pazar"]
[Date "2006.09.23"]
[Round "3.1"]
[White "Aleksic, Nenad"]
[Black "Muratovic, Alija"]
[Result "0-1"]
[WhiteElo "2392"]
[BlackElo "2445"]
[PlyCount "114"]
[EventDate "2006.09.23"]

1. e4 e5 2. Nf3 Nc6 3. c3 f5 4. d4 fxe4 5. Nxe5 Qf6 6. Ng4 Qg6 7. Bf4 h5 8. Ne3
Nf6 9. Nd2 d6 10. h4 Bd7 11. g3 O-O-O 12. Qe2 Kb8 13. Bh3 Bxh3 14. Rxh3 Qf7 15.
Qc4 d5 16. Qe2 Bd6 17. Ng2 Ng4 18. Nf1 Ne7 19. Nfe3 Bxf4 20. Nxf4 Nxe3 21. fxe3
Rd6 22. O-O-O Qe8 23. Kb1 g6 24. g4 hxg4 25. Qxg4 a5 26. Rdh1 Rg8 27. Qe2 Qf7
28. Rg1 Rf6 29. Rhg3 c6 30. a3 Rh8 31. Rg4 Rh6 32. h5 gxh5 33. Rg7 Qe8 34. c4
Rf7 35. cxd5 Rxg7 36. Rxg7 Nxd5 37. Qh2 Ka7 38. Nxd5 cxd5 39. Qc7 Qb5 40. Qf4
Qd3+ 41. Ka2 Rc6 42. Rg8 Qc4+ 43. Ka1 Rc7 44. Rg1 a4 45. Qe5 h4 46. Qh2 Rh7 47.
Rg8 Rc7 48. Rg1 Rf7 49. Qxh4 Rf1+ 50. Rxf1 Qxf1+ 51. Ka2 Qc4+ 52. Ka1 Qc1+ 53.
Ka2 Qxe3 54. Qd8 Qb3+ 55. Ka1 Qb5 56. Qc7 Qf1+ 57. Ka2 Qc4+ 0-1

[Event "Prva liga Centralne Srbije"]
[Site "Novi Pazar"]
[Date "2006.09.23"]
[Round "3.1"]
[White "Milosavljevic, Milisav"]
[Black "Novoselski, Zoran"]
[Result "0-1"]
[WhiteElo "2185"]
[BlackElo "2351"]
[PlyCount "50"]
[EventDate "2006.09.23"]

1. Nf3 e6 2. c4 f5 3. g3 Nf6 4. Bg2 Be7 5. O-O O-O 6. Nc3 d6 7. d4 Ne4 8. Qc2
Nxc3 9. Qxc3 a5 10. Qc2 Nc6 11. e4 e5 12. Rd1 Qe8 13. dxe5 dxe5 14. exf5 Bxf5
15. Qb3 Bg4 16. Rf1 Qh5 17. Nd2 Bb4 18. c5+ Kh8 19. f3 Nd4 20. Qd3 Bxc5 21. Kh1
Bd7 22. Nc4 Rad8 23. g4 Qh4 24. Bd2 Bb5 25. Be1 Qh6 0-1

[Event "Prva liga Centralne Srbije"]
[Site "Novi Pazar"]
[Date "2006.09.23"]
[Round "3.1"]
[White "Lazic, Dragoljub"]
[Black "Djakovac, Enes"]
[Result "0-1"]
[WhiteElo "2325"]
[BlackElo "2219"]
[PlyCount "91"]
[EventDate "2006.09.23"]

1. e4 e5 2. Nf3 Nc6 3. Bb5 a6 4. Ba4 Nf6 5. O-O Be7 6. Re1 b5 7. Bb3 d6 8. c3
Na5 9. Bc2 c5 10. d4 Qc7 11. d5 Bg4 12. h3 Bd7 13. Nbd2 Nb7 14. a4 O-O 15. c4
Na5 16. Bd3 Rfb8 17. axb5 axb5 18. cxb5 Bxb5 19. Bxb5 Rxb5 20. Nc4 Qb8 21. Nxa5
Rbxa5 22. Rxa5 Rxa5 23. Bd2 Ra7 24. Bc3 Nd7 25. Nd2 Nb6 26. Qb3 Ra4 27. Qb5 Ra8
28. Ba5 Nc8 29. Qe8+ Bf8 30. Nc4 Qb7 31. Re3 Qa6 32. Rf3 Qb7 33. Bd8 f6 34. Na5
Qf7 35. Qb5 Na7 36. Qb6 Qd7 37. Bc7 Nb5 38. Bb8 Nd4 39. Ra3 f5 40. Nc6 Rxa3 41.
bxa3 fxe4 42. Qd8 Qxd8 43. Nxd8 c4 44. Kf1 c3 45. Ke1 c2 46. Kd2 0-1

[Event "Prva liga Centralne Srbije"]
[Site "Novi Pazar"]
[Date "2006.09.23"]
[Round "3.1"]
[White "Milosavljevic, Zoran"]
[Black "Jovanovic, D  Dusan"]
[Result "0-1"]
[WhiteElo "2204"]
[BlackElo "2240"]
[PlyCount "114"]
[EventDate "2006.09.23"]

1. e4 e5 2. Nf3 Nc6 3. Bb5 a6 4. Ba4 d6 5. O-O Bd7 6. c3 g6 7. d4 Bg7 8. Bg5 f6
9. Be3 Nh6 10. h3 Qe7 11. Re1 Nf7 12. Nbd2 O-O 13. Nf1 Rad8 14. Ng3 Kh8 15. Nd2
Bh6 16. Ndf1 Qe8 17. Bb3 Bxe3 18. Nxe3 Ne7 19. Ng4 Ng5 20. Qd2 Ne6 21. dxe5
fxe5 22. Bxe6 Bxe6 23. Ne3 Qf7 24. b3 h5 25. Rf1 Qf4 26. Qd3 h4 27. Ne2 Qg5 28.
Kh2 d5 29. Rad1 c6 30. f3 Rd7 31. Nc2 Ng8 32. exd5 cxd5 33. Qe3 Qxe3 34. Nxe3
Rfd8 35. Rd2 Ne7 36. Rfd1 g5 37. Kg1 Kg7 38. Kf2 Nc6 39. Nc1 Kf6 40. Nd3 b6 41.
Ke1 Re8 42. Nf2 Red8 43. Ke2 a5 44. Nfg4+ Ke7 45. Kf2 b5 46. Nc2 Bxg4 47. hxg4
Ke6 48. Ke3 Rc8 49. Kd3 Rdc7 50. Ke2 Ne7 51. Ne3 Rd7 52. Rd3 Ng6 53. Kf2 Nf4
54. R3d2 Rxc3 55. Nf5 Rdc7 56. g3 hxg3+ 57. Kxg3 Rh7 0-1

[Event "Prva liga Centralne Srbije"]
[Site "Novi Pazar"]
[Date "2006.09.23"]
[Round "3.1"]
[White "Milosevic, Slavisa"]
[Black "Ikic, Alija"]
[Result "1-0"]
[WhiteElo "2294"]
[BlackElo "2142"]
[PlyCount "111"]
[EventDate "2006.09.23"]

1. e4 d6 2. d4 Nf6 3. Nc3 g6 4. Nf3 Bg7 5. Bc4 O-O 6. O-O Nxe4 7. Bxf7+ Rxf7 8.
Nxe4 h6 9. h3 Nd7 10. Be3 Nf8 11. Nh2 b6 12. Ng4 Kh7 13. Re1 c5 14. c3 Bf5 15.
Ng3 Bd7 16. Qd2 Bxg4 17. hxg4 e6 18. f3 cxd4 19. cxd4 Nd7 20. Rac1 Nf6 21. g5
hxg5 22. Bxg5 Qd7 23. Qd3 Rff8 24. Bxf6 Bxf6 25. Re4 Qf7 26. Rg4 Rac8 27. Re1
Rg8 28. Kf2 Kg7 29. Nh5+ Kf8 30. Nf4 Re8 31. Nxg6+ Rxg6 32. Rxg6 Bxd4+ 33. Kf1
d5 34. Rg4 Bxb2 35. Rb1 Bf6 36. Rc1 Qd7 37. Qg6 Ke7 38. Qh7+ Kd6 39. Qxd7+ Kxd7
40. Rg6 Bd4 41. Rh6 Kd6 42. Ke2 Be5 43. Rh7 a5 44. Rcc7 Bd4 45. f4 Rd8 46. g4
b5 47. Kd3 Bb6 48. Rb7 Kc6 49. Rbe7 Kd6 50. g5 Rf8 51. Rd7+ Kc6 52. Rdf7 Rg8
53. Rh6 Kd6 54. g6 d4 55. g7 Rc8 56. Rg6 1-0

[Event "Prva liga Centralne Srbije"]
[Site "Ljig"]
[Date "2006.09.23"]
[Round "3.2"]
[White "Cabarkapa, Miomir"]
[Black "Savicevic, Vlatko"]
[Result "1/2-1/2"]
[WhiteElo "2214"]
[BlackElo "2331"]
[PlyCount "35"]
[EventDate "2006.09.23"]

1. Nf3 d5 2. d4 Nf6 3. c4 e6 4. Nc3 Be7 5. Bg5 h6 6. Bh4 O-O 7. e3 b6 8. cxd5
Nxd5 9. Bxe7 Qxe7 10. Nxd5 exd5 11. Qb3 Be6 12. Rc1 c5 13. Qa3 Rc8 14. Be2 a5
15. O-O Qa7 16. dxc5 bxc5 17. Rc3 Nd7 18. Rfc1 1/2-1/2

[Event "Prva liga Centralne Srbije"]
[Site "Ljig"]
[Date "2006.09.23"]
[Round "3.2"]
[White "Simic, Dragisa"]
[Black "Jovcic, Zoran"]
[Result "1/2-1/2"]
[WhiteElo "2332"]
[BlackElo "2172"]
[PlyCount "35"]
[EventDate "2006.09.23"]

1. e4 c5 2. Nf3 d6 3. d4 cxd4 4. Nxd4 Nf6 5. Nc3 Nc6 6. Be2 g6 7. Be3 Bg7 8.
Qd2 O-O 9. O-O-O Ng4 10. Bxg4 Bxg4 11. f3 Nxd4 12. Bxd4 Be6 13. h4 Qa5 14. a3
Bxd4 15. Qxd4 Rfc8 16. h5 Qg5+ 17. Qd2 Qxd2+ 18. Rxd2 1/2-1/2

[Event "Prva liga Centralne Srbije"]
[Site "Ljig"]
[Date "2006.09.23"]
[Round "3.2"]
[White "Adzic, Momcilo"]
[Black "Gajic, Branko"]
[Result "1/2-1/2"]
[WhiteElo "2238"]
[BlackElo "2171"]
[PlyCount "32"]
[EventDate "2006.09.23"]

1. e4 c6 2. d4 d5 3. Nd2 dxe4 4. Nxe4 Nf6 5. Nxf6+ exf6 6. Nf3 Bd6 7. Bd3 O-O
8. O-O Re8 9. h3 Nd7 10. c4 Qc7 11. b3 Nf8 12. Qc2 Be6 13. Bb2 Rad8 14. Rfe1
Qc8 15. Re4 Ng6 16. Rae1 Nf4 1/2-1/2

[Event "Prva liga Centralne Srbije"]
[Site "Ljig"]
[Date "2006.09.23"]
[Round "3.2"]
[White "Dragasevic, Dragan"]
[Black "Semenov, Aleksandar"]
[Result "1-0"]
[WhiteElo "2149"]
[BlackElo "2264"]
[PlyCount "121"]
[EventDate "2006.09.23"]

1. d4 f5 2. c4 Nf6 3. Nc3 b6 4. Nf3 Bb7 5. e3 e6 6. Be2 Be7 7. O-O O-O 8. Ne5
d6 9. Bf3 Ne4 10. Nd3 Bg5 11. Ne2 Nd7 12. Nef4 Re8 13. d5 Nf8 14. Qb3 e5 15.
Nh3 Bh6 16. Be2 Nd7 17. f3 Nec5 18. Qc2 g6 19. Nxc5 Nxc5 20. b4 Nd7 21. e4 f4
22. Rb1 a5 23. a3 axb4 24. axb4 Ra7 25. Bb2 Qe7 26. Ra1 Rea8 27. Rxa7 Rxa7 28.
Ra1 Rxa1+ 29. Bxa1 Qd8 30. Bb2 Qa8 31. Qb3 Bc8 32. Nf2 Bf8 33. Nd3 Qa7 34. Kf1
g5 35. Nc1 h5 36. Na2 Nf6 37. Nc3 Bd7 38. Na2 g4 39. Nc1 Qa8 40. Nd3 Qd8 41. c5
Ne8 42. Nxe5 dxe5 43. d6+ Kh8 44. Qf7 Ng7 45. Bxe5 Qe8 46. Qxe8 Bxe8 47. dxc7
Bd7 48. cxb6 Bc8 49. fxg4 Bxb4 50. gxh5 Kh7 51. Bxf4 Bc5 52. b7 Bxb7 53. Bg4
Ba6+ 54. Ke1 Bb4+ 55. Kf2 Ba5 56. c8=Q Bxc8 57. Bxc8 Nxh5 58. Bf5+ Kg7 59. Be5+
Kf7 60. g4 Nf6 61. Kf3 1-0

[Event "Prva liga Centralne Srbije"]
[Site "Ljig"]
[Date "2006.09.23"]
[Round "3.2"]
[White "Draskovic, Dragan"]
[Black "Jocovic, Slobodan"]
[Result "1/2-1/2"]
[WhiteElo "2143"]
[BlackElo "2252"]
[PlyCount "22"]
[EventDate "2006.09.23"]

1. d4 d5 2. c4 c6 3. e3 Nf6 4. Nf3 a6 5. Qc2 e6 6. Bd3 Nbd7 7. O-O g6 8. b3 c5
9. Bb2 dxc4 10. bxc4 Bg7 11. Nbd2 O-O 1/2-1/2

[Event "Prva liga Centralne Srbije"]
[Site "Uzice"]
[Date "2006.09.23"]
[Round "3.3"]
[White "Misailovic, Nebojsa"]
[Black "Sredojevic, Ivan"]
[Result "0-1"]
[WhiteElo "2348"]
[BlackElo "2349"]
[PlyCount "57"]
[EventDate "2006.09.23"]

1. e4 c5 2. Nf3 d6 3. d4 cxd4 4. Nxd4 Nf6 5. Nc3 a6 6. Be3 e6 7. a4 b6 8. Bd3
Bb7 9. O-O Nbd7 10. f4 Qc7 11. Kh1 Be7 12. Qf3 Rc8 13. Qg3 h5 14. Rae1 Ng4 15.
Bg1 Qd8 16. Re2 Bh4 17. Qh3 Bf6 18. a5 b5 19. e5 dxe5 20. Nxe6 fxe6 21. Bg6+
Ke7 22. Bxh5 Qe8 23. Nd5+ Kd8 24. Qxg4 Qxh5 25. Nxf6 gxf6 26. Qg7 Rh7 27. Bb6+
Ke8 28. Qg8+ Ke7 29. Qg3 0-1

[Event "Prva liga Centralne Srbije"]
[Site "Uzice"]
[Date "2006.09.23"]
[Round "3.3"]
[White "Rabrenovic, Vladan"]
[Black "Radovanovic, Dusan"]
[Result "1-0"]
[WhiteElo "2320"]
[BlackElo "2380"]
[PlyCount "67"]
[EventDate "2006.09.23"]

1. d4 Nf6 2. c4 c5 3. d5 b5 4. Nd2 bxc4 5. e4 c3 6. bxc3 g6 7. Ngf3 Bg7 8. Qc2
O-O 9. Bd3 d6 10. O-O Nbd7 11. h3 Rb8 12. Re1 Qc7 13. a4 e5 14. a5 Nh5 15. g3
Ndf6 16. Kh2 h6 17. Nc4 Nh7 18. g4 N5f6 19. Rg1 Kh8 20. Be3 Qe7 21. Rae1 Bd7
22. Nfd2 Ng5 23. f4 exf4 24. Bxf4 Ne8 25. e5 Qd8 26. Rgf1 dxe5 27. Nxe5 Rc8 28.
Bxg5 Qxg5 29. Nxd7 Rg8 30. c4 f5 31. Ne5 Nd6 32. Ndf3 Qf4+ 33. Kh1 Bf6 34. Qh2
1-0

[Event "Prva liga Centralne Srbije"]
[Site "Uzice"]
[Date "2006.09.23"]
[Round "3.3"]
[White "Pavlovic, Dejan"]
[Black "Colovic, Dusan"]
[Result "1-0"]
[WhiteElo "2340"]
[BlackElo "2357"]
[PlyCount "78"]
[EventDate "2006.09.23"]

1. e4 d6 2. d4 Nf6 3. Nc3 e5 4. Nf3 Nbd7 5. Bc4 Be7 6. O-O O-O 7. Re1 c6 8. a4
h6 9. Ba2 Nh7 10. Ne2 Bg5 11. Nxg5 hxg5 12. Ng3 Ndf6 13. Be3 Ng4 14. dxe5 Nxe5
15. Qd2 Be6 16. Bxe6 fxe6 17. Rad1 Nf7 18. Qb4 c5 19. Qxb7 Rb8 20. Qxa7 Rxb2
21. Re2 Qf6 22. Qa6 Qe5 23. Qd3 Ra2 24. Qb3 Rb2 25. Qa3 Rfb8 26. a5 Nf6 27. a6
Ra8 28. f4 gxf4 29. Bxf4 Qxf4 30. Qxb2 Rxa6 31. Qb8+ Kh7 32. Qb7 Ng5 33. Qxa6
Qh4 34. Qxd6 Ng4 35. h3 e5 36. Rd3 c4 37. Ra3 c3 38. Rxc3 Nxh3+ 39. gxh3 Qxh3
1-0

[Event "Prva liga Centralne Srbije"]
[Site "Uzice"]
[Date "2006.09.23"]
[Round "3.3"]
[White "Irizanin, Radoje"]
[Black "Civric, Zdravko"]
[Result "1-0"]
[WhiteElo "2301"]
[BlackElo "2205"]
[PlyCount "87"]
[EventDate "2006.09.23"]

1. d4 Nf6 2. Nf3 e6 3. Nbd2 c5 4. e3 b6 5. Bd3 Bb7 6. O-O d6 7. c3 Be7 8. e4
Nbd7 9. Qe2 e5 10. dxe5 dxe5 11. Nc4 Qc7 12. Bg5 b5 13. Ne3 c4 14. Bc2 O-O 15.
Nh4 Rfe8 16. Nhf5 Bf8 17. Qf3 Re6 18. Rad1 Nc5 19. Nd5 Nxd5 20. exd5 e4 21. Qe3
Rg6 22. d6 Qc6 23. Be7 Nd3 24. Bxf8 Kxf8 25. Ne7 Qxd6 26. Nxg6+ Qxg6 27. b3 f5
28. Qg3 Qc6 29. bxc4 bxc4 30. Rb1 Kg8 31. Ba4 Qc8 32. Qd6 f4 33. Bd7 Qc5 34.
Qe6+ Kh8 35. Rxb7 e3 36. Rfb1 exf2+ 37. Kf1 Qf8 38. Bc6 f3 39. g3 Nc5 40. Qf7
Nxb7 41. Qxf8+ Rxf8 42. Rxb7 g5 43. Rxa7 g4 44. Ra8 1-0

[Event "Prva liga Centralne Srbije"]
[Site "Uzice"]
[Date "2006.09.23"]
[Round "3.3"]
[White "Marinkovic, Zoran"]
[Black "Mirkovic, Stevan"]
[Result "1-0"]
[WhiteElo "2286"]
[BlackElo "2214"]
[PlyCount "53"]
[EventDate "2006.09.23"]

1. e4 c6 2. d4 d5 3. exd5 cxd5 4. c4 Nc6 5. Nc3 Nf6 6. Bf4 e6 7. c5 Be7 8. Nf3
O-O 9. Rb1 Ne4 10. Bd3 Nxc3 11. bxc3 b6 12. Bb5 Na5 13. Ne5 Bg5 14. Bxg5 Qxg5
15. O-O f6 16. f4 Qh6 17. Nd7 a6 18. Nxb6 axb5 19. Nxa8 Bd7 20. Nc7 Nc4 21. Qe2
f5 22. Nxb5 g5 23. Nd6 gxf4 24. Nxc4 dxc4 25. Rb6 Rc8 26. Rd6 Kf7 27. Rxd7+ 1-0

[Event "Prva liga Centralne Srbije"]
[Site "Nis"]
[Date "2006.09.23"]
[Round "3.5"]
[White "Tosic, Miroslav"]
[Black "Petrov, Marijan"]
[Result "1-0"]
[WhiteElo "2442"]
[BlackElo "2430"]
[PlyCount "67"]
[EventDate "2006.09.23"]

1. d4 g6 2. e4 Bg7 3. Nc3 d6 4. Be3 a6 5. Qd2 b5 6. f3 Nd7 7. h4 Bb7 8. h5 c5
9. Nge2 Qa5 10. Nc1 b4 11. Nd1 e6 12. c3 bxc3 13. Nxc3 Ne7 14. Nb3 Qb4 15. hxg6
hxg6 16. Rxh8+ Bxh8 17. dxc5 Nxc5 18. Qxd6 Bxc3+ 19. bxc3 Qxc3+ 20. Bd2 Nxe4
21. fxe4 Qf6 22. Qf4 Qxf4 23. Bxf4 Bxe4 24. Nc5 Bc6 25. Nxa6 Nd5 26. Nc7+ Nxc7
27. Bxc7 Ra4 28. a3 Kd7 29. Bb8 e5 30. O-O-O+ Kc8 31. Bd6 Rg4 32. Bxe5 Bxg2 33.
Ba6+ Bb7 34. Bb5 1-0

[Event "Prva liga Centralne Srbije"]
[Site "Nis"]
[Date "2006.09.23"]
[Round "3.5"]
[White "Cvetkovic, Nemanja"]
[Black "Maksimovic, Branimir"]
[Result "0-1"]
[WhiteElo "2179"]
[BlackElo "2385"]
[PlyCount "132"]
[EventDate "2006.09.23"]

1. d4 Nf6 2. c4 e6 3. Nf3 b6 4. g3 Ba6 5. Nbd2 Bb4 6. Qc2 Bb7 7. Bg2 c5 8. dxc5
Bxc5 9. O-O Be7 10. b3 O-O 11. e4 d6 12. Bb2 Nbd7 13. Nd4 Qc7 14. Nb1 a6 15.
Nc3 Rac8 16. Kh1 Rfe8 17. f4 Bf8 18. Qe2 Qb8 19. Rae1 Qa8 20. Nc2 b5 21. cxb5
axb5 22. Rf2 Nc5 23. e5 dxe5 24. fxe5 Bxg2+ 25. Rxg2 Nd5 26. Nxd5 exd5 27. Nd4
b4 28. Rf2 Ne4 29. Rf5 g6 30. Qg4 Qxa2 31. e6 Qxb2 32. exf7+ Kh8 33. fxe8=Q
Rxe8 34. Rf7 Nf2+ 35. Rxf2 Qxf2 36. Rc1 Re4 37. Qf3 Qxf3+ 38. Nxf3 Re3 39. Nd4
Be7 40. Rc7 Bf6 41. Nb5 Rxb3 42. Nd6 Re3 43. Nf7+ Kg7 44. Ne5+ Kf8 45. Ng4 Re1+
46. Kg2 Bc3 47. Rb7 d4 48. Nf2 Re7 49. Rb8+ Kf7 50. Nd3 Re2+ 51. Kg1 Rd2 52.
Rb7+ Ke6 53. Nxb4 Bxb4 54. Rxb4 Kd5 55. Rb7 h5 56. Rg7 Re2 57. Rxg6 d3 58. Kf1
Rxh2 59. Ke1 Ke4 60. g4 h4 61. g5 h3 62. Rg8 Re2+ 63. Kd1 h2 64. Re8+ Kf5 65.
Rh8 Kxg5 66. Rh7 Ra2 0-1

[Event "Prva liga Centralne Srbije"]
[Site "Nis"]
[Date "2006.09.23"]
[Round "3.5"]
[White "Miljkovic, Miroslav"]
[Black "Ravic, Nenad"]
[Result "1-0"]
[WhiteElo "2399"]
[BlackElo "2151"]
[PlyCount "109"]
[EventDate "2006.09.23"]

1. d4 d5 2. c4 e6 3. Nc3 Nf6 4. Bg5 Be7 5. e3 h6 6. Bh4 O-O 7. Nf3 b6 8. Qb3
Bb7 9. Bxf6 Bxf6 10. cxd5 exd5 11. Rd1 Re8 12. Be2 c6 13. O-O Qd6 14. Bd3 Nd7
15. Rfe1 Rad8 16. Bf5 g6 17. Bh3 Bg7 18. g3 Re7 19. e4 dxe4 20. Nxe4 Qc7 21.
Re3 Rde8 22. Rde1 Nf6 23. Nxf6+ Bxf6 24. Bg2 Qd6 25. Qc4 c5 26. Rxe7 Rxe7 27.
Rxe7 Qxe7 28. dxc5 Qxc5 29. Qxc5 bxc5 30. b3 Be4 31. Nd2 Bxg2 32. Kxg2 Be7 33.
Kf3 f5 34. Ke2 Kf7 35. Kd3 Ke6 36. Kc4 a6 37. Nf3 Kd6 38. Ne1 Kc6 39. Nd3 Bd6
40. h4 h5 41. f4 Bc7 42. Nxc5 Bb6 43. b4 a5 44. a3 axb4 45. axb4 Ba7 46. Nd3
Bg1 47. Ne5+ Kd6 48. Nxg6 Bf2 49. b5 Bxg3 50. b6 Bf2 51. Kb5 Be3 52. Ka6 Kd7
53. b7 Kc7 54. Ne7 Bf2 55. Nc6 1-0

[Event "Prva liga Centralne Srbije"]
[Site "Nis"]
[Date "2006.09.23"]
[Round "3.5"]
[White "Klcesko, Nebojsa"]
[Black "Perunovic, Miodrag"]
[Result "0-1"]
[WhiteElo "1793"]
[BlackElo "2376"]
[PlyCount "67"]
[EventDate "2006.09.23"]

1. d4 e6 2. c4 Nf6 3. Nf3 b6 4. Bg5 Bb7 5. Nc3 Bb4 6. a3 Bxc3+ 7. bxc3 d6 8. e3
Nbd7 9. Be2 O-O 10. O-O h6 11. Bh4 g5 12. Nxg5 hxg5 13. Bxg5 Kg7 14. f4 Rh8 15.
Bf3 Bxf3 16. Qxf3 Qg8 17. f5 e5 18. h4 e4 19. Qf4 Kf8 20. c5 Nd5 21. Qxe4 f6
22. c6 fxg5 23. cxd7 Rxh4 24. Qf3 Rd8 25. g3 g4 26. Qg2 Rh3 27. Rae1 Rxd7 28.
e4 Nxc3 29. Re3 Qc4 30. e5 Qxd4 31. Qa8+ Kg7 32. f6+ Kh7 33. Rfe1 Rxg3+ 34. Kf2
0-1

[Event "Prva liga Centralne Srbije"]
[Site "Nis"]
[Date "2006.09.23"]
[Round "3.5"]
[White "Jakovljevic, Zivota"]
[Black "Maksimovic, Suzana"]
[Result "0-1"]
[WhiteElo "2127"]
[BlackElo "2266"]
[PlyCount "138"]
[EventDate "2006.09.23"]

1. d4 Nf6 2. c4 e6 3. Nc3 Bb4 4. Qc2 Nc6 5. Nf3 O-O 6. Bd2 d5 7. e3 Re8 8. Bd3
e5 9. Nxe5 Nxe5 10. dxe5 Rxe5 11. cxd5 Nxd5 12. O-O-O Bg4 13. f3 Be6 14. a3
Bxc3 15. Bxc3 Rxe3 16. Bd4 Qh4 17. Qd2 Rxd3 18. Qxd3 c5 19. Bc3 b5 20. Qe4 Qxe4
21. fxe4 Nxc3 22. bxc3 Kf8 23. Rd6 a5 24. Rhd1 b4 25. Rd8+ Rxd8 26. Rxd8+ Ke7
27. Ra8 bxa3 28. Rxa5 a2 29. Kb2 Kd6 30. Ra4 Ke5 31. Ra5 Kxe4 32. Rxc5 g6 33.
Ra5 Kd3 34. Ra4 h5 35. Rd4+ Ke3 36. Rd1 Ke2 37. Rd6 Ke3 38. Rd1 Ke2 39. Rd6 Ke3
40. Ra6 Kd3 41. Ra4 Bc4 42. Ra7 Be6 43. Ra8 h4 44. Ra4 g5 45. Rd4+ Ke3 46. Rd1
g4 47. g3 hxg3 48. hxg3 Kf2 49. Rd3 Ke2 50. Rd4 Kf2 51. Rd3 Bf5 52. Rd2+ Kxg3
53. c4 Kf3 54. c5 g3 55. Rd5 Be4 56. Rg5 g2 57. Rg7 f5 58. Kxa2 Kf2 59. Kb2
g1=Q 60. Rxg1 Kxg1 61. Kc3 Kg2 62. Kd4 Kg3 63. Ke5 Kg4 64. Kd4 Bc6 65. Ke3 f4+
66. Kf2 f3 67. Ke1 Kg3 68. Kf1 Bb5+ 69. Ke1 f2+ 0-1

[Event "Prva liga Centralne Srbije"]
[Site "Pozarevac"]
[Date "2006.09.23"]
[Round "3.6"]
[White "Nikolic, Stanimir"]
[Black "Ristic, Nenad"]
[Result "0-1"]
[WhiteElo "2291"]
[BlackElo "2441"]
[PlyCount "102"]
[EventDate "2006.09.23"]

1. d4 Nf6 2. Nf3 g6 3. c4 Bg7 4. Nc3 d5 5. cxd5 Nxd5 6. Qb3 Nxc3 7. bxc3 O-O 8.
e3 c5 9. Ba3 b6 10. Be2 Nc6 11. O-O Na5 12. Qc2 Qc7 13. Qe4 Bf5 14. Qh4 h6 15.
Rfd1 Rfd8 16. Rac1 g5 17. Qh5 Qd7 18. dxc5 Qa4 19. Rxd8+ Rxd8 20. Bb4 bxc5 21.
Bxa5 Qxa5 22. Bc4 e6 23. h4 Qa3 24. Rf1 Qxc3 25. hxg5 Qxc4 26. gxh6 Bf6 27. Ne5
Bxe5 28. Qg5+ Kh7 29. Qxd8 Bg6 30. f4 Bh8 31. Qc7 a6 32. Rf3 Qd5 33. Rf1 c4 34.
Rc1 Qd2 35. Rxc4 Qxe3+ 36. Kh2 Bd4 37. Rc1 Qf2 38. Rc3 Bxc3 39. Qxc3 Qxf4+ 40.
Kg1 Qxh6 41. a3 Qf4 42. Qh3+ Kg7 43. Qc3+ Qf6 44. Qc5 Qb2 45. a4 e5 46. Qc6
Qd4+ 47. Kh2 a5 48. Qb5 Qf4+ 49. Kg1 Qe3+ 50. Kh2 Bf5 51. Qd5 Qf4+ 0-1

[Event "Prva liga Centralne Srbije"]
[Site "Pozarevac"]
[Date "2006.09.23"]
[Round "3.6"]
[White "Ristic, Nebojsa"]
[Black "Mitrovic, Petar"]
[Result "1/2-1/2"]
[WhiteElo "2367"]
[BlackElo "2366"]
[PlyCount "39"]
[EventDate "2006.09.23"]

1. d4 Nf6 2. Bg5 e6 3. e4 h6 4. Bxf6 Qxf6 5. Nf3 Nc6 6. e5 Qd8 7. Bb5 a6 8.
Bxc6 dxc6 9. Qe2 c5 10. dxc5 Bxc5 11. O-O Bd7 12. Rd1 Qe7 13. Nc3 O-O-O 14. Ne4
Bc6 15. Nxc5 Qxc5 16. c3 Rxd1+ 17. Rxd1 Rd8 18. Rxd8+ Kxd8 19. Nd4 Qd5 20.
Nxc6+ 1/2-1/2

[Event "Prva liga Centralne Srbije"]
[Site "Pozarevac"]
[Date "2006.09.23"]
[Round "3.6"]
[White "Dmitrovic, Tomislav"]
[Black "Djokic, Nenad"]
[Result "1-0"]
[WhiteElo "2274"]
[BlackElo "2325"]
[PlyCount "123"]
[EventDate "2006.09.23"]

1. b3 Nf6 2. Bb2 e6 3. g3 d5 4. Bg2 Be7 5. Nf3 O-O 6. c4 c6 7. O-O Nbd7 8. d3
a5 9. a3 Nc5 10. Nbd2 Nfd7 11. Qc2 Bf6 12. d4 Na6 13. e4 Nc7 14. Rfe1 b6 15.
Rad1 Bb7 16. h4 Rc8 17. Nf1 g6 18. Bc1 Bg7 19. N1h2 Qe7 20. e5 f5 21. exf6 Nxf6
22. Ne5 Nd7 23. Nhg4 Nxe5 24. dxe5 Ba8 25. Nf6+ Kh8 26. h5 Qf7 27. Rd4 Bxf6 28.
exf6 gxh5 29. Rh4 Qg6 30. Qe2 c5 31. Rxh5 d4 32. Rg5 Qe8 33. f7 Qxf7 34. Bf4
Ne8 35. Bxa8 Rxa8 36. Qxe6 Ng7 37. Qh6 Qf6 38. Qxf6 Rxf6 39. Re7 Rg6 40. Rxg6
hxg6 41. Be5 Rg8 42. g4 g5 43. Rb7 d3 44. Kf1 d2 45. Ke2 Re8 46. Rb8 Rxb8 47.
Bxb8 Ne6 48. Kxd2 Kg8 49. Ba7 Nd4 50. Kc3 Nf3 51. Bxb6 Ne5 52. Bxc5 Kf7 53. Kd4
Ke6 54. b4 axb4 55. axb4 Nxg4 56. Ke4 Ne5 57. Be3 Nxc4 58. Bxg5 Nd6+ 59. Kd4
Nb5+ 60. Kc5 Nc3 61. Be3 Ne4+ 62. Kc6 1-0

[Event "Prva liga Centralne Srbije"]
[Site "Pozarevac"]
[Date "2006.09.23"]
[Round "3.6"]
[White "Stankovic, Dragan"]
[Black "Milunovic, Toni"]
[Result "1/2-1/2"]
[WhiteElo "2334"]
[BlackElo "2292"]
[PlyCount "100"]
[EventDate "2006.09.23"]

1. g3 e5 2. c4 Nc6 3. Bg2 f5 4. Nc3 Nf6 5. d3 Bb4 6. Bd2 O-O 7. a3 Bxc3 8. Bxc3
d6 9. b4 Qe8 10. b5 Nd8 11. e3 f4 12. exf4 exf4+ 13. Qe2 Qg6 14. O-O-O Bg4 15.
f3 Bd7 16. Nh3 Ne6 17. g4 Qf7 18. Qb2 c6 19. a4 a6 20. b6 a5 21. Bxf6 Qxf6 22.
Qxf6 Rxf6 23. d4 Ra6 24. Nf2 Rxb6 25. Ne4 Rf8 26. Nxd6 Rb4 27. Rhe1 c5 28. dxc5
Nxc5 29. Rd5 b6 30. Re7 Bxa4 31. g5 Rd8 32. Bh3 Rxc4+ 33. Nxc4 Rxd5 34. Nxb6
Rd1+ 35. Kb2 Rd2+ 36. Kc3 Rxh2 37. Bg4 Kf8 38. Ra7 Rc2+ 39. Kd4 Be8 40. Bf5
Nb3+ 41. Ke5 Rc5+ 42. Kxf4 Rb5 43. Nd7+ Bxd7 44. Bxd7 Rb4+ 45. Ke5 Rb6 46. Be6
Nc5 47. Bd5 Nd3+ 48. Ke4 Nc5+ 49. Ke5 Nd3+ 50. Ke4 Nc5+ 1/2-1/2

[Event "Prva liga Centralne Srbije"]
[Site "Pozarevac"]
[Date "2006.09.23"]
[Round "3.6"]
[White "Tosic, Nebojsa"]
[Black "Djoric, Dusan"]
[Result "1/2-1/2"]
[WhiteElo "2228"]
[BlackElo "2309"]
[PlyCount "53"]
[EventDate "2006.09.23"]

1. e4 e5 2. Nf3 Nc6 3. Bb5 a6 4. Ba4 Nf6 5. d4 Nxe4 6. O-O b5 7. Bb3 d5 8. Nxe5
Nxe5 9. dxe5 Be6 10. c3 Bc5 11. Qe2 O-O 12. Be3 Bxe3 13. Qxe3 f5 14. f4 Qe7 15.
Rd1 g5 16. Na3 gxf4 17. Qxf4 Qc5+ 18. Kf1 Kh8 19. Nc2 Rg8 20. Ne3 c6 21. Bc2
Raf8 22. Rd4 Rg4 23. Qh6 Rg6 24. Qf4 Rg4 25. Qh6 Rg6 26. Qf4 Rg4 27. Qh6
1/2-1/2